| 000 | 00497aam a2200193 4500 | ||
|---|---|---|---|
| 005 | 20161116094500.0 | ||
| 008 | 150616b xxu||||| |||| 00| 0 spa d | ||
| 041 | _aEspañol | ||
| 082 | _a344.01 C8374c32 | ||
| 100 |
_aCosta Rica, Leyes, Decretos etc _91 |
||
| 245 | _aCódigo de trabajo | ||
| 250 | _a32 edición | ||
| 260 |
_aCosta Rica _bIJSA _c2012 |
||
| 300 | _a426 páginas | ||
| 650 |
_aCOSTA RICA _931750 |
||
| 650 |
_aDERECHO LABORAL _9397 |
||
| 650 |
_aLEGISLACIÓN _94 |
||
| 942 | _cBK | ||
| 999 |
_c2870 _d2870 |
||